PHARMACEUTICAL MARKETING MANAGEMENT (Record no. 5875)

MARC details
000 -LEADER
fixed length control field 00406nam a22001577a 4500
005 - DATE AND TIME OF LATEST TRANSACTION
control field 20240108155051.0
008 - FIXED-LENGTH DATA ELEMENTS--GENERAL INFORMATION
fixed length control field 190528b xxu||||| |||| 00| 0 eng d
020 ## - INTERNATIONAL STANDARD BOOK NUMBER
ISBN 978-93-81962-88-6
041 ## - LANGUAGE CODE
Language code of text/sound track or separate title eng
100 ## - MAIN ENTRY--AUTHOR NAME
Personal name SHARMA, DR, UDAYRAJ AND GOLI, DIVAKAR
245 ## - TITLE STATEMENT
Title PHARMACEUTICAL MARKETING MANAGEMENT
250 ## - EDITION STATEMENT
Edition statement 7th Ed. 2019
260 ## - PUBLICATION, DISTRIBUTION, ETC. (IMPRINT)
Place of publication PUNE
Name of publisher NIRALI PRAKASHAN
300 ## - PHYSICAL DESCRIPTION
Number of Pages 8.2 p,
942 ## - ADDED ENTRY ELEMENTS (KOHA)
Koha item type Books
Holdings
Lost status Damaged status Collection code Home library Current library Shelving location Date acquired Source of acquisition Cost, normal purchase price Accession Number Koha item type
    Reference JRU Library JRU Library SHELF-5-E 28/05/2019 PURCHESS 180.00 22797 Books
    PHARMACY JRU Library JRU Library Shelf - 22- E 28/05/2019 PURCHESS 180.00 22798 Books
    PHARMACY JRU Library JRU Library Shelf - 22- E 28/05/2019 PURCHESS 180.00 22799 Books